000 00456nab a2200145Ia 4500
003 ES-SlBCS
005 20210601133616.0
008 140529s1992 xxu||||| |||| 00| 0 por d
041 _apor
100 1 _aMoura, Laércio Dias de
_9207169
245 0 0 _aAs Universidades Católicas no Brasil
_c Laércio Dias de Moura
651 4 _aBrasil-Universidades Católicas
_9207170
773 0 _tBroteria
_gvol. 35, nº. 2-3, 1992, págs. 131-140
_wRev100
942 _cAR
999 _c599200
_d599200